The Legend of Zelda: Breath of the Wild Weapons And Bows - Statistics

General Stats
  • This quiz has been taken 431 times
  • The average score is 49 of 159
Answer Stats
Hint Answer % Correct
Weapon Master Sword
77%
Bow Boko Bow
56%
Weapon Travelers Sword
54%
Weapon Royal Claymore
53%
Weapon Tree Branch
52%
Weapon Boko Club
51%
Bow Royal Bow
51%
Arrow Fire Arrow
49%
Bow Ancient Bow
48%
Arrow Ice Arrow
48%
Bow Lynel Bow
48%
Arrow Ancient Arrow
47%
Arrow Arrow
47%
Arrow Bomb Arrow
47%
Weapon Guardian Sword
47%
Weapon Guardian Sword+
47%
Weapon Guardian Sword++
47%
Bow Knights Bow
46%
Weapon Moblin Club
46%
Weapon Royal Broadsword
46%
Weapon Lynel Sword
45%
Weapon Knights Claymore
43%
Bow Soldiers Bow
43%
Bow Travelers Bow
43%
Weapon Boko Spear
42%
Weapon Flameblade
41%
Bow Savage Lynel Bow
41%
Arrow Shock Arrow
41%
Weapon Zora Spear
41%
Weapon Boko Bat
40%
Bow Royal Guards Bow
40%
Weapon Soldiers Broadsword
40%
Weapon Soldiers Claymore
40%
Weapon Frostblade
39%
Weapon Great Flameblade
39%
Weapon Knights Broadsword
39%
Weapon Thunderblade
39%
Weapon Boomerang
38%
Weapon Fire Rod
38%
Weapon Lizal Boomerang
38%
Weapon Royal Guards Claymore
38%
Weapon Rusty Broadsword
38%
Weapon Rusty Claymore
38%
Weapon Spiked Boko Club
38%
Weapon Dragonbone Boko Club
37%
Bow Golden Bow
37%
Weapon Great Frostblade
37%
Weapon Ice Rod
37%
Bow Lizal Bow
37%
Weapon Savage Lynel Sword
37%
Weapon Woodcutters Axe
37%
Weapon Royal Guards Sword
36%
Weapon Great Thunderblade
35%
Weapon Guardian Spear
35%
Weapon Guardian Spear+
35%
Weapon Guardian Spear++
35%
Bow Spiked Boko bow
35%
Bow Bow of Light
34%
Weapon Cobble Crusher
34%
Weapon Forest Dwellers Sword
34%
Bow Great Eagle Bow
34%
Weapon Lightscale Trident
34%
Weapon Royal Halberd
34%
Weapon Torch
34%
Weapon Knights Halberd
33%
Weapon Lynel Spear
33%
Weapon Travelers Spear
33%
Weapon Zora Sword
33%
Weapon Boulder Breaker
32%
Weapon Rusty Halberd
32%
Weapon Scimitar of the Seven
32%
Weapon Travelers Claymore
32%
Weapon Ancient Battle Axe
31%
Weapon Ancient Battle Axe+
31%
Weapon Ancient Battle Axe++
31%
Weapon Ancient Spear
31%
Weapon Blizzard Rod
31%
Weapon Ceremonial Trident
31%
Bow Forest Dwellers Bow
31%
Weapon Lightning Rod
31%
Weapon Meteor rod
31%
Weapon Mighty Lynel Sword
31%
DLC Weapon Sword
31%
Bow Dragonbone Boko Bow
30%
Bow Falcon Bow
30%
Weapon Iron Sledgehammer
30%
Weapon Korok Leaf
30%
Weapon Lynel Crusher
30%
Weapon Moblin Spear
30%
Weapon Ancient Bladesaw
29%
Weapon Ancient Short Sword
29%
Bow Duplex Bow
29%
Weapon Flame Spear
29%
Weapon Frost Spear
29%
Bow Mighty Lynel Bow
29%
Weapon Royal Guards Spear
29%
Weapon Savage Lynel Crusher
29%
Weapon Savage Lynel Spear
29%
Weapon Soup Ladle
29%
Weapon Spiked Boko Bat
29%
Weapon Stone Smasher
29%
Weapon Dragonbone Boko Bat
28%
Weapon Dragonbone Moblin Club
28%
Weapon Giant Boomerang
28%
Weapon Spiked Moblin Club
28%
Weapon Thunder Spear
28%
Weapon Soldiers Spear
27%
Weapon Spiked Boko Spear
27%
Bow Wooden Bow
27%
Weapon Dragonbone Boko Spear
26%
Weapon Lizal Spear
26%
Weapon Lizal Tri-Boomerang
26%
Weapon Mighty Lynel Crusher
26%
Weapon Mighty Lynel Spear
26%
Weapon Double Axe
25%
Weapon Eightfold Blade
25%
Bow Silver Bow
25%
Weapon Windcleaver
25%
Weapon Edge of Duality
24%
Weapon Forest Dwellers Spear
24%
Bow Steel Lizal Bow
23%
Weapon Dragonbone Moblin Spear
22%
Weapon Moonlight Scimitar
22%
Weapon Spiked Moblin Spear
22%
Bow Swallow Bow
22%
Bow Phrenic Bow
21%
Weapon Wooden Mop
21%
Weapon Bokoblin Arm
20%
Weapon Demon Carver
20%
Weapon Moblin Arm
20%
Weapon Drill Shaft
19%
Weapon Eightfold Longblade
19%
Weapon Farmers Pitchfork
19%
Weapon Gerudo Spear
19%
Weapon Lizal Forked Boomerang
19%
Weapon Lizalfos Arm
19%
DLC Bow Twilight Bow
19%
Weapon Vicious Sickle
19%
Weapon Feathered Edge
18%
Weapon Golden Claymore
18%
Weapon Boat Oar
17%
Weapon Silver Longsword
17%
Weapon Spring-Loaded Hammer
17%
Weapon Thunderstorm Rod
17%
Weapon Throwing Spear
16%
Weapon Forked Lizal Spear
14%
Bow Reinforced Lizal Bow
14%
Weapon Farmers Hoe
12%
Weapon Feathered Spear
12%
Weapon Fishing Harpoon
12%
Weapon Silverscale Spear
12%
Weapon Enhanced Lizal Spear
11%
DLC Weapon Fierce Deity Sword
10%
DLC Weapon Goddess Sword
10%
DLC Weapon Biggorons Sword
9%
DLC Weapon Sword of the Six Sages
9%
DLC Weapon Seabreeze Boomerang
8%
Weapon Serpentine Spear
8%
Weapon Gerudos Scimitar
5%
No matching quizzes found
Score Distribution
Percent of People with Each Score
Percentile by Number Answered
Your Score History
You have not taken this quiz